| 000 | 02269 a2200457 4500 | ||
|---|---|---|---|
| 001 | 23884441 | ||
| 003 | 0000 | ||
| 005 | 20251016102939.0 | ||
| 007 | t| | ||
| 008 | 241003s2025 enka b 000 0 eng c | ||
| 010 | _a 2024046918 | ||
| 020 | _a9781009526104 | ||
| 020 | _z9781009526142 | ||
| 040 |
_aDNLM/DLC _beng _erda _cDLC _dDLC _dDLC-MRC _dDLC |
||
| 042 | _apcc | ||
| 050 | 0 | 0 | _aRG 551 .J26 |
| 060 | 0 | 0 | _aWQ 235 |
| 082 | 0 | 0 |
_a618.2/5 _aRG696 _aRG696 _b.H 2025 _223/eng/20241209 |
| 100 | 1 |
_aHamer, Jack _eauthor _4aut _4http://id.loc.gov/vocabulary/relators/aut _0http://id.loc.gov/authorities/names/n2024185022 |
|
| 245 | 1 | 0 |
_aMultiple pregnancy / _cJack Hamer, Jennifer Tamblyn, James Castleman, R. Katie Morris. |
| 264 | 1 |
_aCambridge, United Kingdom ; _aNew York, NY : _bCambridge University Press, _c2025. |
|
| 300 |
_a125 pages _billustrations _c24 cm |
||
| 336 |
_atext _btxt _2rdacontent |
||
| 337 |
_aunmediated _bn _2rdamedia |
||
| 338 |
_avolume _bnc _2rdacarrier |
||
| 340 | _0http://id.loc.gov/vocabulary/millus/ill | ||
| 490 | 1 | _aElements in high risk pregnancy | |
| 500 | _aIncludes bibliographical references. | ||
| 504 | _aIncludes bibliographical references. (pages 96-125) | ||
| 520 | _a"Multiple pregnancy affects 0.9-3.1% of births worldwide. Prevalence rates vary significantly due to differences in dizygotic twinning rates and use of assisted reproduction (AR). Both maternal and fetal/neonatal complications are more common in multiple compared to singleton pregnancies"-- Provided by publisher. | ||
| 650 | 2 | _aPregnancy, Multiple | |
| 650 | 2 |
_aPregnancy Complications _xepidemiology |
|
| 650 | 2 |
_aPrenatal Care _xmethods |
|
| 700 | 1 |
_aTamblyn, Jennifer _eauthor _4http://id.loc.gov/vocabulary/relators/aut _0http://id.loc.gov/authorities/names/n2024185023 |
|
| 700 | 1 |
_aCastleman, James _eauthor _4http://id.loc.gov/vocabulary/relators/aut _0http://id.loc.gov/authorities/names/n2024185024 |
|
| 700 | 1 |
_aMorris, R. K. _q(R. Katie) _eauthor _4http://id.loc.gov/vocabulary/relators/aut _0http://id.loc.gov/authorities/names/nb2017014849 |
|
| 830 | 0 | _aElements in high risk pregnancy | |
| 906 |
_a7 _bcbc _corignew _d1 _eecip _f20 _gy-gencatlg |
||
| 942 |
_2lcc _cBK |
||
| 999 |
_c43795 _d43795 |
||